| 000 | 00440nam a2200181Ia 4500 | ||
|---|---|---|---|
| 008 | 180207s9999 xx 000 0 und d | ||
| 020 | _a9780001981157 | ||
| 050 | _bB711 1995 | ||
| 100 | _aBond, Michael. | ||
| 245 | _aPaddington bear : | ||
| 245 | _ba lift-the flap rebus book / | ||
| 245 | _cMichael Bond. | ||
| 260 | _aLondon : | ||
| 260 | _bCollins, | ||
| 260 | _c1995 | ||
| 300 | _aunpaged : | ||
| 300 | _bcolor illustration ; | ||
| 999 |
_c355013 _d355013 |
||